| 000 | 00713cam a22002413a 4500 | ||
|---|---|---|---|
| 001 | 38409 | ||
| 003 | PGUSA | ||
| 005 | 20140828083839.0 | ||
| 008 | 111225s2011||||xxu|||||s|||||000 | eng d | ||
| 040 |
_aPGUSA _beng |
||
| 042 | _adc | ||
| 050 | 4 | _aAP | |
| 245 | 1 | 0 |
_aHarper's New Monthly Magazine, Vol. 3, No. 15, August, 1851 _h[electronic resource] / _cVarious |
| 260 |
_bProject Gutenberg, _c2011 |
||
| 506 | _aPublic domain in the USA. | ||
| 516 | _aElectronic text | ||
| 653 | _aAmerican literature -- Periodicals | ||
| 653 | _aCulture -- Periodicals | ||
| 653 | _aCivilization -- Periodicals | ||
| 830 | 0 |
_aProject Gutenberg _v38409 |
|
| 856 | 4 | 0 | _uhttp://www.gutenberg.org/ebooks/38409 |
| 942 | _cEB | ||
| 999 |
_c267663 _d267663 |
||